[Event "Hessen-ch op-B"]
[Site "Floersheim"]
[Date "2016.05.06"]
[Round "3"]
[White "Rafiee, Kayvan"]
[Black "Bertram, Thomas Sebastian"]
[Result "0-1"]
[WhiteElo "1863"]
[BlackElo "1786"]
[PlyCount "86"]
[EventDate "2016.05.05"]
[EventType "swiss"]
[EventRounds "7"]
[EventCountry "GER"]
[SourceTitle "EXT 2022"]
[Source "ChessBase"]
[SourceDate "2021.10.06"]
[SourceVersion "1"]
[SourceVersionDate "2021.10.06"]
[SourceQuality "1"]

1. e4 e5 2. Nf3 Nc6 3. Bb5 a6 4. Bxc6 dxc6 5. 0-0 Bg4 6. h3 Bxf3 7. Qxf3 Nf6 8. d3 h6 9. Qg3 Qd6 10. Nd2 Nh5 11. Qf3 Qg6 12. Nc4 Bd6 13. Be3 0-0 14. Qg4 a5 15. Bd2 b6 16. g3 Qxg4 17. hxg4 Nf6 18. g5 hxg5 19. Bxg5 Nd7 20. Nxd6 cxd6 21. Be7 Rfe8 22. Bxd6 c5 23. f4 f6 24. fxe5 fxe5 25. d4 cxd4 26. Ba3 Rac8 27. Rf2 Nf6 28. Re1 Rc6 29. Rd2 Rec8 30. Ree2 Kf7 31. Kf1 Ng4 32. Kg1 Ke6 33. Rd3 Rxc2 34. Rxc2 Rxc2 35. Rb3 Rc1+ 36. Kg2 Ne3+ 37. Kf2 Rc6 38. Rd3 b5 39. b4 Rc2+ 40. Kf3 a4 41. g4 Nc4 42. Kg3 Rxa2 43. Bc1 Rc2 0-1

[Event "Hessen-ch op-B"]
[Site "Floersheim"]
[Date "2016.05.05"]
[Round "2"]
[White "Bertram, Thomas Sebastian"]
[Black "Robinson, Jack"]
[Result "1-0"]
[WhiteElo "1786"]
[BlackElo "1468"]
[PlyCount "121"]
[EventDate "2016.05.05"]
[EventType "swiss"]
[EventRounds "7"]
[EventCountry "GER"]
[SourceTitle "EXT 2022"]
[Source "ChessBase"]
[SourceDate "2021.10.06"]
[SourceVersion "1"]
[SourceVersionDate "2021.10.06"]
[SourceQuality "1"]

1. e4 c5 2. d4 cxd4 3. c3 d3 4. Bxd3 Nc6 5. Nf3 e5 6. 0-0 Nf6 7. Na3 a6 8. Nc4 d6 9. Be3 b5 10. Ncd2 Be7 11. a4 Rb8 12. c4 Nb4 13. Be2 bxc4 14. Nxc4 Nxe4 15. a5 0-0 16. Bb6 Qe8 17. Ra4 Nc6 18. Bd3 Nf6 19. Bc7 Rb4 20. Bc2 e4 21. Nd4 d5 22. Nb6 Nxd4 23. Rxb4 Bxb4 24. Qxd4 Bxa5 25. Bd6 Qc6 26. Bxf8 Bxb6 27. Qb4 Nd7 28. Ba4 Qc4 29. Bxd7 Qxb4 30. Bxb4 Bxd7 31. Rc1 f5 32. Bc5 Bd8 33. Bd4 Kf7 34. Rc5 Bb6 35. Rxd5 Be6 36. Rd6 Bxd4 37. Rxd4 Kf6 38. Rd6 a5 39. Ra6 g5 40. Rxa5 h5 41. b4 Ke7 42. h3 h4 43. Kf1 Kd6 44. Rc5 g4 45. hxg4 fxg4 46. Rh5 h3 47. gxh3 gxh3 48. Kg1 Bg4 49. Rg5 Bf3 50. Kh2 Kc6 51. Kxh3 Be2 52. Kg3 Bd3 53. Kf4 Kb6 54. Re5 Bc2 55. Rxe4 Kb5 56. Rd4 Bb3 57. Ke3 Bc4 58. Rxc4 Kxc4 59. f4 Kxb4 60. Ke4 Kc5 61. Ke5 1-0

[Event "Mittelrhein Verbandsliga-M 1112"]
[Site "Germany"]
[Date "2012.05.06"]
[Round "10.6"]
[White "Bertram, Thomas Sebastian"]
[Black "Hoffmann, Frank"]
[Result "1/2-1/2"]
[WhiteElo "1541"]
[BlackElo "1778"]
[PlyCount "62"]
[EventDate "2011.09.18"]
[EventType "team-tourn"]
[EventRounds "11"]
[EventCountry "GER"]
[SourceTitle "EXT 2013"]
[Source "ChessBase"]
[SourceDate "2012.11.22"]
[SourceVersion "1"]
[SourceVersionDate "2012.11.22"]
[SourceQuality "1"]
[WhiteTeam "Rheinbacher SF II"]
[BlackTeam "Hitdorf SV Springer"]
[WhiteTeamCountry "GER"]
[BlackTeamCountry "GER"]

1. d4 d5 2. c4 e6 3. Nc3 Nf6 4. cxd5 exd5 5. Bg5 Be7 6. e3 c6 7. Bd3 Nbd7 8. Nge2 h6 9. Bh4 0-0 10. f3 Nh5 11. Bf2 Re8 12. Qd2 b5 13. a3 a5 14. 0-0 Nhf6 15. Qc2 Nf8 16. e4 Bb7 17. e5 N6d7 18. f4 Nb6 19. b3 b4 20. axb4 axb4 21. Na4 Nxa4 22. Rxa4 Rxa4 23. bxa4 Qb6 24. Rb1 Ba6 25. Nc1 Rb8 26. Nb3 Bxd3 27. Qxd3 Ne6 28. g3 Ra8 29. Ra1 g6 30. h4 Qa6 31. Qxa6 Rxa6 1/2-1/2

[Event "Mittelrhein Verbandsliga-M 1112"]
[Site "Germany"]
[Date "2011.11.13"]
[Round "3.5"]
[White "Samorukova, Jana"]
[Black "Bertram, Thomas Sebastian"]
[Result "0-1"]
[WhiteElo "1828"]
[BlackElo "1541"]
[PlyCount "75"]
[EventDate "2011.09.18"]
[EventType "team-tourn"]
[EventRounds "11"]
[EventCountry "GER"]
[SourceTitle "EXT 2013"]
[Source "ChessBase"]
[SourceDate "2012.11.22"]
[SourceVersion "1"]
[SourceVersionDate "2012.11.22"]
[SourceQuality "1"]
[WhiteTeam "Godesberg V"]
[BlackTeam "Rheinbacher SF II"]
[WhiteTeamCountry "GER"]
[BlackTeamCountry "GER"]

1. d4 d5 2. c4 c6 3. Nc3 dxc4 4. e4 b5 5. a4 b4 6. Na2 e6 7. Bxc4 a5 8. Nf3 Nf6 9. e5 Nd5 10. Bg5 Qb6 11. Nc1 Ba6 12. Qe2 Bxc4 13. Qxc4 h6 14. Bd2 Be7 15. Nb3 Nd7 16. Rc1 Rc8 17. Nc5 Nb8 18. 0-0 0-0 19. Ne1 Rfd8 20. Qd3 Nd7 21. Qg3 Kh7 22. Ned3 Qc7 23. Ne4 Nf8 24. f4 f5 25. exf6 Nxf6 26. Nxf6+ Bxf6 27. Ne5 Bxe5 28. Qd3+ Kg8 29. fxe5 Qd7 30. Be3 c5 31. Rfd1 cxd4 32. Rxc8 Rxc8 33. Qxd4 Qxd4 34. Rxd4 Kh7 35. Rd2 Ng6 36. Kf2 Nxe5 37. g3 Rf8+ 38. Ke2 0-1

[Event "Mittelrhein Verbandsliga-M 1112"]
[Site "Germany"]
[Date "2011.10.09"]
[Round "2.5"]
[White "Bertram, Thomas Sebastian"]
[Black "Tbaila, Ralph"]
[Result "1/2-1/2"]
[WhiteElo "1541"]
[BlackElo "1858"]
[PlyCount "82"]
[EventDate "2011.09.18"]
[EventType "team-tourn"]
[EventRounds "11"]
[EventCountry "GER"]
[SourceTitle "EXT 2013"]
[Source "ChessBase"]
[SourceDate "2012.11.22"]
[SourceVersion "1"]
[SourceVersionDate "2012.11.22"]
[SourceQuality "1"]
[WhiteTeam "Rheinbacher SF II"]
[BlackTeam "Kalker/Deutzer SG"]
[WhiteTeamCountry "GER"]
[BlackTeamCountry "GER"]

1. d4 d5 2. Bf4 Bf5 3. e3 Nf6 4. Nd2 e6 5. Ngf3 c5 6. Bxb8 Qxb8 7. Bb5+ Kd8 8. c3 a6 9. Be2 c4 10. Ne5 Qc7 11. b3 b5 12. b4 Bd6 13. f4 Bxb4 14. cxb4 c3 15. Bd3 Bxd3 16. Nxd3 cxd2+ 17. Qxd2 Ne4 18. Qc1 Qe7 19. 0-0 Rc8 20. Nc5 h5 21. Qb2 h4 22. Nxe4 dxe4 23. Rac1 Kd7 24. Rc5 h3 25. g3 f5 26. Rd1 Rhd8 27. Rxc8 Kxc8 28. Rc1+ Kb7 29. Qc3 Qd7 30. Kf2 Rc8 31. Qxc8+ Qxc8 32. Rxc8 Kxc8 33. Ke2 Kd7 34. Kd2 Kc6 35. Kc3 Kd6 36. Kb3 Kd5 37. Kc3 Kd6 38. Kb3 Kd5 39. Kc3 Kc6 40. Kb3 Kb6 41. a4 Kc6 1/2-1/2